Growth and prospects of potato-farming in the Hapur Zone (Record no. 14615)

MARC details
000 -LEADER
fixed length control field 00423nam a2200157Ia 4500
082 ## - DEWEY DECIMAL CLASSIFICATION NUMBER
Classification number TT.0025
100 ## - MAIN ENTRY--AUTHOR NAME
Personal name Tyagi, Pramod Kumar
245 #0 - TITLE STATEMENT
Title Growth and prospects of potato-farming in the Hapur Zone
260 ## - PUBLICATION, DISTRIBUTION, ETC. (IMPRINT)
Year of publication 1988
Name of publisher Meerut University
300 ## - PHYSICAL DESCRIPTION
Number of Pages 181p.
650 ## - SUBJECT ADDED ENTRY--TOPICAL TERM
Topical Term POTATOES - MARKETING
650 ## - SUBJECT ADDED ENTRY--TOPICAL TERM
Topical Term POTATOES - PRICES - UTTAR PRADESH - HAPUR
710 ## - ADDED ENTRY--CORPORATE NAME
Corporate name or jurisdiction name as entry element Lal, A.B.
710 ## - ADDED ENTRY--CORPORATE NAME
Corporate name or jurisdiction name as entry element Tyagi, R.C.
942 ## - ADDED ENTRY ELEMENTS (KOHA)
Koha item type Thesis
Source of classification or shelving scheme Dewey Decimal Classification
Holdings
Withdrawn status Lost status Damaged status Not for loan Home library Current library Date acquired Bill Date Full call number Accession Number Price effective from Koha item type
        NASSDOC Library NASSDOC Library 08/10/2004 2004-10-22 TT.0025 29468 18/04/2019 Thesis